Fauna amazónica colombiana (Registro nro. 2111)
[ vista simple ]
| 000 -CABECERA | |
|---|---|
| Campo de control | 01165nam a2200349 a 4500 |
| 005 - FECHA Y HORA DE LA ULTIMA TRANSACCION | |
| Campo de control | 20200104041528.0 |
| 008 - ELEMENTOS DE LONGITUD FIJA—INFORMACION GENERAL | |
| Campo de control | 140304b1999 ck ||||| |||| 00| 0 spa d |
| 041 ## - IDIOMA | |
| Código de idioma para texto/pista de sonido o título separado | Español |
| 044 ## - PAÍS DE PUBLICACIÓN | |
| País de publicación | Colombia |
| 082 ## - NUMERO DE CLASIFICACION DECIMAL DEWEY | |
| Número de clasificación | 590.8617 |
| Número del ítem | F26 |
| 090 ## - CLASIFICACIÓN LOCAL | |
| Colección | LB |
| Consecutivo | 01944 |
| 110 1# - ASIENTO PRINCIPAL--NOMBRE CORPORATIVO | |
| Unidad subordinad | Comisión Regional de Ciencia y Tecnología de la Amazonia |
| 245 10 - MENCION DE TITULO | |
| Título | Fauna amazónica colombiana |
| Parte restante del título | una proyección hacia el nuevo milenio, delineamientos para un programa regional de fauna silvestre |
| 260 ## - PUBLICACION, DISTRIBUCION, ETC. (PIE DE IMPRENTA) | |
| Lugar de publicación, distribución, etc. | Bogotá |
| Nombre del editor, distribuidor, etc. | Comisión Regional de Ciencia y Tecnología de la Amazonia |
| Fecha de publicación, distribución, etc. | 1999 |
| 300 ## - DESCRIPCION FISICA | |
| Extensión | 2 vol. (46 p.) |
| Otros detalles físicos | 24 cm. |
| 650 #6 - ASIENTO SECUNDARIO DE MATERIA - TERMINO TEMATICO | |
| Término temático o nombre geográfico como elemento de entrada | Fauna |
| 650 #6 - ASIENTO SECUNDARIO DE MATERIA - TERMINO TEMATICO | |
| Término temático o nombre geográfico como elemento de entrada | Invertebrados |
| 650 #6 - ASIENTO SECUNDARIO DE MATERIA - TERMINO TEMATICO | |
| Término temático o nombre geográfico como elemento de entrada | Peces |
| 650 #6 - ASIENTO SECUNDARIO DE MATERIA - TERMINO TEMATICO | |
| Término temático o nombre geográfico como elemento de entrada | Reptiles |
| 650 #6 - ASIENTO SECUNDARIO DE MATERIA - TERMINO TEMATICO | |
| Término temático o nombre geográfico como elemento de entrada | Anfibios |
| 650 #6 - ASIENTO SECUNDARIO DE MATERIA - TERMINO TEMATICO | |
| Término temático o nombre geográfico como elemento de entrada | Aves |
| 650 #6 - ASIENTO SECUNDARIO DE MATERIA - TERMINO TEMATICO | |
| Término temático o nombre geográfico como elemento de entrada | Mamíferos |
| 650 #4 - ASIENTO SECUNDARIO DE MATERIA - TERMINO TEMATICO | |
| Término temático o nombre geográfico como elemento de entrada | Política Nacional de Biodiversidad |
| 650 #4 - ASIENTO SECUNDARIO DE MATERIA - TERMINO TEMATICO | |
| Término temático o nombre geográfico como elemento de entrada | Uso sostenible |
| 650 #6 - ASIENTO SECUNDARIO DE MATERIA - TERMINO TEMATICO | |
| Término temático o nombre geográfico como elemento de entrada | Inventarios |
| 650 #4 - ASIENTO SECUNDARIO DE MATERIA - TERMINO TEMATICO | |
| Término temático o nombre geográfico como elemento de entrada | Investigación científica |
| 650 #4 - ASIENTO SECUNDARIO DE MATERIA - TERMINO TEMATICO | |
| Término temático o nombre geográfico como elemento de entrada | Investigación aplicada |
| 650 #4 - ASIENTO SECUNDARIO DE MATERIA - TERMINO TEMATICO | |
| Término temático o nombre geográfico como elemento de entrada | Conservación de biodiversidad |
| 650 #6 - ASIENTO SECUNDARIO DE MATERIA - TERMINO TEMATICO | |
| Término temático o nombre geográfico como elemento de entrada | Amazonia |
| 662 #6 - ASIENTO SECUNDARIO DE MATERIA - JERARQUIA DEL NOMBRE DE LUGAR( | |
| País o entidad mayor | Colombia |
| 942 ## - ELEMENTOS ADICIONALES (KOHA) | |
| Tipo de ítem | Impreso |
| Sistema de clasificación | Local |
| Withdrawn status | Lost status | Sistema de Clasificación | Damaged status | No para préstamo | Colección | Inventariado | Ubicación Permanente | Ubicación actual | Fecha de adquisición | Fuente de Valor | Valor | Total Checkouts | Número topográfico | Inventario / Código de Barras | Date last seen | Ejemplar | Price effective from | Forma de adquisición | Tipo de material | Public note |
|---|---|---|---|---|---|---|---|---|---|---|---|---|---|---|---|---|---|---|---|---|
| Dewey Decimal Classification | General | Inventariado 2017 | Bogotá | Bogotá | 31/01/2001 | Samper, Cristián | 39000.00 | LB-590.8617 F26 | 002616 | 04/12/2012 | Ej. 1 | 04/12/2012 | Libro | |||||||
| Retirado | Local | Audiovisual | Bogotá | Bogotá | 31/07/2001 | LB-590.8617 F26 | 002617 | 04/12/2012 | Ej. 2 | 04/12/2012 | CD-ROM | Documento preliminar borrador - En proceso técnico - |